000 00330pab a2200121 454500
008 180718b xxu||||| |||| 00| 0 eng d
100 _aShukla Madhukar
245 _acorporate failures: why organisations fail to learn
362 _a34(4), Jan-Mar 1994, p.629-39
650 _aOrganisations
773 _aProductivity
909 _a26923
999 _c26923
_d26923